LEADER 00526nab a2200145 i 4500 001 000000311273 003 CaOOAMICUS 005 20180831173030.0 008 180831n xx uu u0 0und r 013 $a20362 040 $aSeMil$bita 100 1 $aBiagini, Enrico.$0(OLS)http://semarc/name/88314 245 10$aMissioni Italiane all?Estero (Nostra corrispondenza particolare) 773 0 $t[Gennaio-Giugno].$g280-283$w()274175 996 $6245$aMissioni Italiane all?Estero (Nostra corrispondenza particolare)$9(OLS)http://semarc/title/385906 LEADER 00996nam a2200205 i 4500 001 000000020932 003 CaOOAMICUS 005 20241118144312.0 008 180830s1973 it u000 u ita u 040 $aSeMil$bita 245 00$aChiesa e religiosità in Italia dopo l'Unità (1861-1878) :$batti del quarto Convegno di Storia della Chiesa, La Mendola, 31 agosto - 5 settembre 1971. 264 1$aMilano :$bVita e Pensiero,$c1973. 300 $av. ;$c22 cm. 650 4$aChiesa - Italia - Storia - Sec. 19.$0(OLS)http://semarc/subject/56665 650 4$aReligiosità - Italia.$0(OLS)http://semarc/subject/15861 774 0 $tRelazioni.$w()20933 774 0 $tComunicazioni.$w()360756 996 $6245$aChiesa e religiosità in Italia dopo l'Unità (1861-1878) :$batti del quarto Convegno di Storia della Chiesa, La Mendola, 31 agosto - 5 settembre 1971$9(OLS)http://semarc/title/27656 996 $6264$aMilano :$bVita e Pensiero$9(OLS)http://semarc/publisher/29642 LEADER 00704nam a2200169 i 4500 001 000000056177 003 CaOOAMICUS 005 20130221000000.0 008 130221s1854 xx u000 u lat u 013 $a27349 040 $aSeMil$bita 245 10$aTractatus de contractibus. 300 $a148 p. 773 0 $aVegezzi, Giovanni Battista <1789-1858>$tInstitutiones theologiae moralis in usum clericorum seminarii mediolanensis dioecesis.$dMediolani : apud H. Besozzi impress. arch. in Officina Boniardi-Pogliani, 1848.$w()28083 850 $aSeMil 852 $aSeMil$W1$xVenegono$y1$m2F III 64 FA$j22331$B22331$CSeMilBibl$Z2$F22333 $8I 996 $6245$aTractatus de contractibus$9(OLS)http://semarc/title/87282 LEADER 01210nam a2200277 i 4500 001 000000332480 003 CaOOAMICUS 005 20190207113716.0 008 190207s2015 it u000 u ita u 013 $a238310 020 $a978-88-372-2802-6 040 $aSeMil$bita 100 1 $aCassirer, Ernst,$d<1874-1945>.$0(OLS)http://semarc/name/8941 245 10$aAlbert Schweitzer e l'etica del XIX secolo /$cErnst Cassirer ; a cura di Enrico Colombo. 260 $aBrescia :$bMorcelliana,$c2015. 300 $a77 p. ;$c19 cm. 490 0 $aIl pellicano rosso. Nuova serie ;$v223 600 14$aSchweitzer, Albert <1875-1965>.$0(OLS)http://semarc/subject/2447 700 1 $aColombo, Enrico,$d<1963- >,$ecuratore.$0(OLS)http://semarc/name/47525 830 3$aIl pellicano rosso. Nuova serie ;$v223.$0(OLS)http://semarc/title/11366 850 $aSeMil 852 $aSeMil$W1$xVenegono$y1$m2LA V 223$j266678$B224288$CSeMilBibl$Z2$F224288 $81 996 $6020$a978-88-372-2802-6$9(OLS)http://semarc/number/286515 996 $6245$aAlbert Schweitzer e l'etica del XIX secolo$9(OLS)http://semarc/title/421343 996 $6260$aBrescia :$bMorcelliana$9(OLS)http://semarc/publisher/29629 LEADER 00585nab a2200145 i 4500 001 000000318047 003 CaOOAMICUS 005 20180831173240.0 008 180831n it uu u0 0ita r 013 $a27340 040 $aSeMil$bita 100 1 $aCaveada, Luca.$0(OLS)http://semarc/name/83441 245 10$aCon l'esempio di Giovanni palo II - in [rubrica] :$bEditoriale. 773 0 $t«È Gesù che cercate quando cercate la felicità». - 32 p. - Titolo dalla copertina.$gp.1-1$w()275260 996 $6245$aCon l'esempio di Giovanni palo II - in [rubrica] :$bEditoriale$9(OLS)http://semarc/title/391957